| 000 | 00983nmm a2200313 a 4500 | ||
|---|---|---|---|
| 001 | ocm0001703209 | ||
| 003 | TR-IsHL | ||
| 005 | 20201028170236.0 | ||
| 008 | 180120s2017 tu tur | ||
| 007 | cr cn | ||
| 020 | _a9786058232440 | ||
| 035 |
_a1703209 _b(N$T) |
||
| 050 | 0 | 4 |
_aPL248.T385 _bE54 2017 |
| 090 | 0 | 4 |
_aPL248.T385 _bE54 2017 |
| 100 | 1 | _aTatlı, M. Nadir | |
| 245 | 1 | 0 |
_aEngerek projesi: köz _h[electronic resource] / _cM. Nadir Tatlı ; editör Serhat Karabaş |
| 250 | _aBirinci basım | ||
| 260 |
_aİstanbul : _bMaşuk Kitap, _c2017 |
||
| 300 | _a191 p. | ||
| 650 | 4 | _aDil ve Edebiyat | |
| 650 | 4 | _aLanguage and Literature | |
| 650 | 0 | _aTürk romanı | |
| 650 | 0 | _aTurkish fiction | |
| 650 | 0 | _aPolisiye roman | |
| 650 | 0 | _aDetective novel | |
| 650 | 7 |
_aLITERARY COLLECTIONS / Middle Eastern _2bisacsh |
|
| 700 | 1 | _aKarabaş, Serhat | |
| 856 | 4 | 0 | _uhttp://search.ebscohost.com/login.aspx?direct=true&scope=site&db=e011xww&AN=1703209 |
| 999 |
_c16166 _d16166 |
||